| 000 | 00404nam a2200133Ia 4500 | ||
|---|---|---|---|
| 005 | 20251222144636.0 | ||
| 008 | 251222s9999||||xx |||||||||||||| ||spa|| | ||
| 020 | _a84-7908-426-X | ||
| 082 | _a251.83/B42 | ||
| 100 | _aBenÃtez Bolorinos, Manuel | ||
| 245 | 0 | _aLas CofradÃas Medievales en el Reino de Valencia: 1329-1458 | |
| 264 | _bSecretariado de Publicaciones Universidad de Alicante | ||
| 942 | _cLIB | ||
| 999 |
_c16487 _d16487 |
||